Statistiche per Paesi nominati nella pagina Wikipedia dell'Italia

Clicka qui per fare il quiz!

Statistiche generali

  • Questo quiz è stato fatto 146 volte
  • Il punteggio medio è 27 su 35

Statistiche sulle risposte

Volte in cui viene nominatoIndizio (basato sul motivo per cui lo stato è nominato nella pagina Wikipedia)Paese% Corretto
6Paese confinanteFrancia
100%
1Paese confinanteSvizzera
100%
3Paese confinanteAustria
99%
1Paese confinanteSlovenia
99%
1Paese che costituisce un'enclave nel territorio italianoSan Marino
97%
1Paese che costituisce un'enclave nel territorio italianoCittà del Vaticano
96%
3Paese cui l'Italia ha dichiarato guerra nel 1941Stati Uniti
96%
4Paese che egemonizzò l'Italia durante il '600Spagna
95%
5Paese con cui l'Italia ha siglato il patto d'acciaioGermania
94%
3Paese colonizzato dall'ItaliaLibia
92%
1Fu meta di emigrazione italianaArgentina
91%
2Paese conquistato dall'Italia nel 1935Etiopia
91%
2Paese cui l'Italia ha dichiarato guerra nel 1940Regno Unito
90%
3Paese conquistato dall'Italia nel 1939Albania
89%
3Paese d'origine di antichi colonizzatori dell'Italia meridionaleGrecia
89%
1Paese alleato dell'Italia durante la seconda guerra mondialeGiappone
88%
2Fu meta di emigrazione italianaBrasile
87%
1Paese colonizzato dall'ItaliaEritrea
85%
2Paese d'origine di molti immigrati residenti in ItaliaMarocco
84%
4l'Italia è quinta per numero di turisti dopo questo paeseCina
79%
1Paese d'origine di molti immigrati residenti in ItaliaRomania
79%
2Paese scoperto dall'Italiano Giovanni CabotoCanada
76%
1L'Italia è il secondo paese più sicuro d'Europa dopo questo paeseNorvegia
76%
2Paese colonizzato dall'ItaliaSomalia
75%
1Paese in cui l'Italia schiera truppe per missioni di paceIraq
70%
1L'industria portuale italiana è seconda in Europa dopo quella di questo paesePaesi Bassi
70%
1L'Italia è il secondo paese più sicuro d'Europa a pari merito con questo paeseDanimarca
67%
1Paese con parità dei poter d'acquisto simile all'ItaliaMessico
65%
1Fu meta di emigrazione italianaUruguay
55%
1Paese che collabora con l'Italia per il Santuario dei mammiferi mariniMonaco
51%
1Paese in cui l'Italia schiera truppe per missioni di paceKosovo
49%
1Paese sulle cui coste sbarcò Cristoforo ColomboVenezuela
49%
1Paese in cui l'Italia schiera truppe per missioni di paceLibano
47%
1Paese in cui Pietro Savorgnan di Brazzà fondò la città che porta il suo nomeRepubblica del Congo
46%
1Paese in cui l'Italia schiera truppe per missioni di paceMali
21%

Distribuzione punteggi

Percentile per numero di risposta

Percentuale di utenti per punteggio

I tuoi punteggi nel tempo

Non hai fatto questo quiz